000 00535nam a2200181Ia 4500
008 151202s9999||||xx |||||||||||||| ||und||
082 _bPNVM-82574
100 _aअवचट अनिल.
245 _aकार्यरत.
260 _b"मॅजेस्टिक प्रकाशन,गिरगाव."
260 _c1997
300 _a244
600 _aअवचट अनिल.
630 _aकार्यरत.
700 _aअवचट अनिल.
730 _aकार्यरत.
942 _cBOOK
999 _c1347182
_d1347179